000
00264nam a22001097a 4500
082
_a
511.024620RAJ
100
_a
Rajasekaran S
245
_a
Numerical methods in science and engineering
260
_a
New Delhi
_b
S.Chand and cop
_c
2010
300
_a
670
942
_c
BK
999
_c
15481
_d
15481